01425 2200421 4500001002100000005001500021035002000036007000300056008004100059020002200100040002200122082001700144084001900161090002300180090002200203100002800225245024400253250003400497300002500531650002200556700001800578700003300596700002500629700002700654700002900681700002600710700002200736700002600758700001800784700003600802850001200838264003500850336002100885337003000906338002300936999002200959990002200981INLIS00000000085816620210401013308 a0010-0421000071ta210401s2019 yoi g ind d a978-623-91128-3-7 aYOPDYOGbindcrda04223a899.2211 a899.2211 AAN p aDEP 899.2211 AAN p aCB-D.11 2019-36750 aAang Kurniawanepenulis10aPuberkata :bantologi puisi SMA Islam Al Azhar 9 Yogyakarta /cpenulis, Aang Kurniawan, Abil, Abraham Adhiwardana, Adfan Hanaf, Adienda Salwa, Adiendra Aullia, Adnan Muzaky, Adnan S, Aji Muhammad, Aldi, Al Fatih Berlian Palsa, Alfian Yusuf aCetakan pertama, Oktober 2019 a205 halaman ;c20 cm 4aPuisi--xKumpulan0 aAbilepenulis0 aAbraham Adhiwardanaepenulis0 aAdfan Hanafepenulis0 aAdienda Salwaepenulis0 aAdiendra Aulliaepenulis0 aAdnan Muzakyepenulis0 aAdnan S.epenulis0 aAji Muhammadepenulis0 aAldiepenulis0 aAl Fatih Berlian Palsaepenulis aYOPDYOG31aBantul :bJejak Pustaka,c2019 2rdacontentateks 2rdamediaatanpa perantara 2rdacarrieravolume aCB-D.11/2019-3675 aCB-D.11/2019-3675